Calcul mental #Table de 11 - Statistiques

Statistiques générales
  • Ce quiz a été pris 1 214 fois
  • Le résultat moyen est 16 sur 20
Statistiques - réponses
Hint Réponse % Correct
1 x 11 11
100%
2 x 11 22
100%
3 x 11 33
99%
4 x 11 44
99%
5 x 11 55
99%
6 x 11 66
99%
7 x 11 77
99%
8 x 11 88
99%
9 x 11 99
99%
10 x 11 110
95%
11 x 11 121
88%
12 X 11 132
80%
13 x 11 143
75%
14 x 11 154
71%
15 x 11 165
68%
16 x 11 176
64%
17 x 11 187
59%
18 x 11 198
56%
19 x 11 209
34%
20 x 11 220
33%
Aucun quiz correspondant
Distribution des résultats
% des personnes avec chaque résultat
Percentile par nombre de réponses
Votre historique - résultats
Vous n’avez pas pris ce quiz